| 000 | 00715nam a22001817a 4500 | ||
|---|---|---|---|
| 003 | OSt | ||
| 005 | 20250321082726.0 | ||
| 008 | 240903b ||||| |||| 00| 0 eng d | ||
| 040 | _c0 | ||
| 082 | _aDPer 808.042 C686 June 2019 - February 2020, v. 70-71, n. 1-4. | ||
| 100 |
_aByrd, Antonio. _eauthor. _959990 |
||
| 245 |
_a"Like coming home" : _bAfrican Americans tinkering and playing toward a computer code bootcamp / _cAntonio Byrd. |
||
| 260 |
_aUSA ; _bNational Council of Teachers of English, _cFebruary 2020. |
||
| 300 | _avolume 71, pages 426-452. | ||
| 500 | _aCollege Composition & Communication, v. 71 n. 2, pages 426-452, December 2019. | ||
| 700 |
_aByrd, Antonio. _eauthor. _959990 |
||
| 942 |
_2ddc _cPER |
||
| 999 |
_c21251 _d21251 |
||